Fundamental concepts of environmental chemistry

Enregistré dans:
Détails bibliographiques
Auteur principal: Sodhi, G. S.
Format: Livre
Langue:Undetermined
Publié: Harrow, UK Alpha Science International Ltd. 2005
Sujets:
Tags: Ajouter un tag
Pas de tags, Soyez le premier à ajouter un tag!
Thư viện lưu trữ: Trung tâm Học liệu Trường Đại học Cần Thơ
LEADER 00562nam a2200193Ia 4500
001 CTU_128979
008 210402s9999 xx 000 0 und d
020 |c 1138000 
082 |a 628.5 
082 |b S679 
100 |a Sodhi, G. S. 
245 0 |a Fundamental concepts of environmental chemistry 
245 0 |c G. S. Sodhi 
260 |a Harrow, UK 
260 |b Alpha Science International Ltd. 
260 |c 2005 
650 |a Environmental chemistry,Hóa học môi trường 
904 |i Minh 
980 |a Trung tâm Học liệu Trường Đại học Cần Thơ